Spotrebiteľ a značka

Analýza nákupného správania spotrebiteľov s cieľom zistiť, ako spotrebitelia vnímajú značky produktov a aký je ich vplyv na nákupné správanie spotrebiteľov. Kontakt spotrebiteľa so značkou. Značka a podniky.

Guardado en:
Detalles Bibliográficos
Autor principal: Máliková, Iveta
Formato: Capítulo de libro
Lenguaje:eslovaco
Materias:
Etiquetas: Agregar Etiqueta
Sin Etiquetas, Sea el primero en etiquetar este registro!

MARC

LEADER 00000nla a2200000 4500
001 0230524
005 20240417075119.2
041 0 |a slo 
044 |a SK 
245 1 0 |a Spotrebiteľ a značka  |c Iveta Máliková 
520 |a Analýza nákupného správania spotrebiteľov s cieľom zistiť, ako spotrebitelia vnímajú značky produktov a aký je ich vplyv na nákupné správanie spotrebiteľov. Kontakt spotrebiteľa so značkou. Značka a podniky. 
610 2 0 |a značky 
610 2 0 |a značky výrobkov 
610 2 0 |a spotrebitelia 
610 2 0 |a správanie spotrebiteľa 
610 2 0 |a rozhodovanie nákupné 
100 1 |a Máliková, Iveta